00345nam a2200109 a 4500020001500000041000800015100002900023245010800052260003600160300001000196440002900206 a9589716814 aspa aAldana de La Torre, Rosa aBiología, hábitos y manejos de Cyparissius (Castnia) daedalus Cramer Marrenador gigante de la palma aBogotábCenipalmabSenac2002 a38 p. aBoletín técnico n15